Československé organy do Sovietskeho sväzu

Bibliographic Details
Main Author: Klinda, Ferdinand, 1929- (Author)
Format: Article
Language:Slovak
Subjects:

MARC

LEADER 00000nab a2200000 a 4500
001 vtls010041122
003 SK-MaSNL
005 20260305035607.0
008 250507|1959 xo |||||||||||1|| b|slo
015 |a SNBRA2009/11  |2 snkbucl 
035 |a urn:nbn:sk:snk-ab7qpo 
035 |a (urnnbn)urn:nbn:sk:snk:ar-0020zp 
035 |a (uuid)4f0d045f-f56d-447a-8e6e-c6aa4ca108bd 
038 |a SNKBUCL 
040 |a SNKBUCL  |b slo  |c SNKBUCL  |e AACR2 
041 0 |a slo 
044 |a xo  |c SK 
080 |a 681.81-027.3:681.816.61  |x (437)  |2 2001 
080 |a 681.816.61  |x (437)  |2 2001 
100 1 |a Klinda, Ferdinand,  |d 1929-  |4 aut  |9 110378 
245 1 0 |a Československé organy do Sovietskeho sväzu  |c Ferdinand Klinda 
610 2 7 |a Továrna na varhany (Krnov, Česko)  |2 snkbucl  |9 1618296 
650 0 7 |a organ (hudobný nástroj)  |2 snkbucl  |9 170726 
650 0 7 |a výroba hudobných nástrojov  |2 snkbucl  |9 69796 
651 7 |a Krnov (Česko)  |2 SNKPHgeo  |9 223844 
773 0 |t Slovenská hudba  |g Roč. III, č. 6 (1959), s. 296-297 
850 |a Slovenská národná knižnica 
852 |a Slovenská národná knižnica 
954 |a odborná, vedecká literatúra pôvodná (slovenská)  |2 lita 
958 |a article9 
958 |a OND 
958 |a EUIPO 
999 |c 3334721  |d 3336651